Sociológia socialistického výrobného kolektívu

Salvato in:
Dettagli Bibliografici
Natura: Libro
Lingua:slovacco
Pubblicazione: Bratislava Práca 1984
Tags: Aggiungi Tag
Nessun Tag, puoi essere il primo ad aggiungerne!!

MARC

LEADER 00000nam a2200000 4500
001 c115734
005 20240802104747.9
041 0 |a slo 
044 |a SK 
245 1 0 |a Sociológia socialistického výrobného kolektívu  |c [prel. Peter Galan] 
264 1 |a Bratislava  |b Práca  |c 1984 
300 |a 143 s.